1957 1777 1143 1423 1884 1098 1958 1395 1502 1886 1214 1449 1255 1582 1086 1026 1413 1383 1364 1024 1536 1679 1621 1396 1411 1558 1064 1162 1766 1929 1955 1896 1758 1926 1084 1369 1073 1114 1122 1818 1792 1157 1383 1176 1064 1000 1060 1387 1175 1940 1262 1882 1356 1030 1506 1011 1224 1154 1489 1756 1436 1572 1653 1314 1272 1089 1562 1871 1967 1397 1749 1769 1578 1580 1253 1619 1092 1185 1150 1574 1754 1957 1634 1234 1728 1071 1040 1450 1764 1684 1365 1706 1494 1202 1391 1065 1440 1461 1850 BCNSPRNW ULIB Ver.6.0+V

เปลี่ยนเป็นภาษาไทย

Change to English
 แสดงรายละเอียดบรรณานุกรม
  กลับหน้าหลัก

Brief Record : Get Marc (ISO 2709) : E-mail record : QR code < ปิดหน้าต่าง
LEADER : 00000nam 2200000uu 4500
001    13399112410
003     ULIB
008    110815s||||||||th 000 0 tha d
020    9786165000192
090    นว.^bล258ห 2553
100 0  ลัลล์ลลิล
245 00 เหมันต์นิรันดร/^cลัลล์ลลิล
250    พิมพ์ครั้งที่ 1
260    กรุงเทพฯ :^bพิมพ์คำ,^c2553
300    414 หน้า
710 1  พิมพ์คำ
945    ^p260^l0^i16989
995    กัณชพร
999    ^aใช้งานได้ทุกระบบ
รายการนี้ยังไม่มีแท็ก
คุณยังไม่ได้ล็อกอิน คุณสามารถมีกิจกรรมร่วมกับเว็บไซต์ได้ แต่ต้องล็อกอินก่อน ::
  ล็อกอิน

รายการสื่อสารสนเทศ

ลำดับที่ ประเภท เลขเรียก/บาร์โค้ด สถานที่ สถานะ
1. วิทยาศาสตร์การแพทย์ และสุขภาพ
วิทยาศาสตร์การแพทย์ และสุขภาพ
นว. ล258ห 2553  
  Barcode: 16989
ห้องสมุดวิทยาเขตสวรรค์ประชารักษ์
►นวนิยาย
บนชั้น
  ขอยืม

รายการใกล้เคียง
    ผู้แต่ง [ลัลล์ลลิล]

BibComment


ยังไม่เคยถูกคอมเมนท์

คอมเมนท์ทรัพยากรรายการนี้
  คอมเมนท์: เหมันต์นิรันดร ลั..


 Copyright 2026. Bcnsprnw @Library